Spot The Bulldogs - Statistics

General Stats
  • This quiz has been taken 72 times
  • The average score is 5 of 8
Answers on the Grid
Answers color-coded by a green-red scale on the quiz's grid according to % correct below.
Texas A&M
Georgia
BYU
Drake
Western Kentucky
Stanford
Wake Forest
Florida Atlantic
Yale
Gonzaga
South Alabama
Washington State
Mississippi State
Iowa State
Butler
Purdue
TCU
Fresno State
Missouri
Louisiana Tech
 
Answer Stats
Answer % Correct
Georgia
90%
Gonzaga
65%
Yale
61%
Drake
53%
Fresno State
53%
Butler
51%
Mississippi State
47%
Louisiana Tech
37%
No matching quizzes found
Score Distribution
Percent of People with Each Score
Percentile by Number Answered
Your Score History
You have not taken this quiz